000 01998nam a22001457a 4500
999 _c514402
_d514402
008 201031b ||||| |||| 00| 0 eng d
100 _aEasidale, Marocs H. , Leon, Natalia Perez. and Aguriar, Martin R.
_920560
245 _aStrains in sustainability debates: Traditional ecological knowledge and western science through the lens of extension agents in a pastoral region
260 _aRural Sociology
300 _a85(1), Mar, 2020: p.57-84
520 _aThose involved in sustainability debates on developmental pathways concur in the synergistic potential of integrating traditional ecological knowledge (TEK) and Western scientific approaches. Transhumant pastoralism is a livelihood strategy adapted to spatiotemporal environmental variability in many mountainous and arid regions worldwide. This form of livelihood is based on a mobile logic that is increasingly threatened by novel lifestyles promoted from a Western mind‐set and by climate change. The aim of this article is to identify and characterize the different perspectives of environmental and social issues in a pastoral region and their association with labor collaboration among extension agents, framed in an institutional action. We tackled the inquiry about viewpoints with Q methodology and related it to regional problems, alternative solutions, and future development pathways for transhumant pastoralism and landscape management in northwest Patagonia. We identified six perspectives and characterized them with their topological position in the social network. Mediating positions registered the highest network centrality of labor collaborations among agents, whereas more dominant perspectives emphasizing TEK or scientific knowledge registered intermediate centrality. There was consensus on the need for sustainable developmental options, but the emphasis on combining knowledge still needs convergent solutions.- Reproduced
773 _aRural Sociology
906 _aSUSTAINABLE DEVELOPMENT
942 _cAR